000 00716nam a22001817a 4500
999 _c61006
_d61006
005 20231206104136.0
008 231206s1978 ru ||||| |||| 00| 0 rus d
041 _arus
080 _a7.03(574.51) A-39
100 _aАкишев, К.А.
_920596
245 _aКурган Иссык :
_bИскусство саков Казахстана /
_cК.А. Акишев.
264 _aМ.:
_b«Искусство»,
_c1978.
300 _a132 c. :
_bил. ;
_c34 см.
653 _aგათხრები და აღმოჩენები
653 _aარქეოლოგია
653 _aყაზახეთის საკასების ხელოვნება
942 _2udc
_cᲬᲘᲒᲜᲘ